| Tag |
First Indicator |
Second Indicator |
Subfields |
| LEADER |
00000cam a2200000Ii 4500 |
| 001 |
in00003497828 |
| 005 |
20211120172801.0 |
| 006 |
m o d f |
| 007 |
cr cn||||||||| |
| 008 |
141212e201212 ohua obt f000 0 eng d |
| 035 |
|
|
|a (OCoLC)ocn898080475
|
| 040 |
|
|
|a GPO
|b eng
|e rda
|e pn
|c GPO
|d MvI
|d UtOrBLW
|
| 049 |
|
|
|a WWW
|
| 074 |
|
|
|a 0830-H-14 (online)
|
| 086 |
0 |
|
|a NAS 1.26:2012-216036
|
| 100 |
1 |
|
|a Booth, Wendell H.,
|e author.
|
| 245 |
1 |
0 |
|a Boiling Experiment Facility (BXF) :
|b post flight assessment, anomaly investigation report /
|c Wendell H. Booth.
|
| 264 |
|
1 |
|a Cleveland, Ohio :
|b National Aeronautics and Space Administration, Glenn Research Center,
|c December 2012.
|
| 300 |
|
|
|a 1 online resource (iii, 144 pages) :
|b color illustrations.
|
| 336 |
|
|
|a text
|b txt
|2 rdacontent
|
| 337 |
|
|
|a computer
|b c
|2 rdamedia
|
| 338 |
|
|
|a online resource
|b cr
|2 rdacarrier
|
| 490 |
1 |
|
|a NASA/CR ;
|v 2012-216036
|
| 500 |
|
|
|a Title from title screen (viewed Dec. 12, 2014).
|
| 500 |
|
|
|a "December 2012."
|
| 504 |
|
|
|a Includes bibliographical references (page 144).
|
| 536 |
|
|
|a Sponsored by the National Aeronautics and Space Administration
|b NNC09B02B
|
| 536 |
|
|
|d 60081-RPT-0402
|d E-18378
|d GRC-E-DAA-TN5491
|
| 650 |
|
7 |
|a Space laboratories.
|2 nasat
|
| 650 |
|
7 |
|a Spaceborne experiments.
|2 nasat
|
| 650 |
|
7 |
|a Failure analysis.
|2 nasat
|
| 650 |
|
7 |
|a Microgravity.
|2 nasat
|
| 650 |
|
7 |
|a Gloveboxes.
|2 nasat
|
| 710 |
2 |
|
|a NASA Glenn Research Center,
|e issuing body.
|
| 710 |
1 |
|
|a United States.
|b National Aeronautics and Space Administration,
|e sponsoring body.
|
| 830 |
|
0 |
|a NASA contractor report ;
|v NASA CR-216036.
|
| 856 |
4 |
0 |
|u https://purl.fdlp.gov/GPO/gpo53821
|t 0
|
| 999 |
|
|
|a MARS
|
| 999 |
f |
f |
|s 3e237366-26f0-394b-a035-595e4988487f
|i 5a3b41e9-8a57-3b8a-9cda-70092e9e8377
|t 0
|
| 952 |
f |
f |
|a Texas A&M University
|b College Station
|c Electronic Resources
|d Available Online
|t 0
|e NAS 1.26:2012-216036
|h Superintendent of Documents classification
|
| 998 |
f |
f |
|a NAS 1.26:2012-216036
|t 0
|l Available Online
|